| 000 | 00688nam a2200181 4500 | ||
|---|---|---|---|
| 001 | 6582 | ||
| 090 | 0 | 0 | _aPOL.SCI CAP No.78 |
| 245 | 0 | 0 |
_aA comparative study on divorce between Lhotsampa and Ngalongpa communities in Bhutan / _b _cIndira Chauhan. _h |
| 260 | 0 | 0 |
_a[Thimphu] : _b[Royal Thimphu College], _c2017. |
| 300 | 0 | 0 | _a40 p ; 30 cm. |
| 504 | _aIncludes bibliographical references. | ||
| 520 | _aSpiral-bound xerographic copy. | ||
| 520 | _aStudent research project for BA, Political Science (Capstone Project):(2017). | ||
| 650 |
_aDivorce -- _v _x _y _zBhutan. _2 |
||
| 650 |
_aLhotsampas -- _v _x _y _zBhutan. _2 |
||
| 650 |
_aNgalongpas -- _v _x _y _zBhutan. _2 |
||
| 650 | 0 | 0 |
_aCapstone Project. _x |
| 999 |
_c5535 _d5535 |
||